*NSYNC Discography - Statistics

General Stats
  • This quiz has been taken 63 times
  • The average score is 5 of 8
Answer Stats
Type Year Name % Correct
Album 2000 No Strings Attached
94%
Album 1997 *NSYNC
94%
Album 2001 Celebrity
89%
Compilation 2005 Greatest Hits
53%
Holiday Album 1998 Home for Christmas
45%
Holiday Album 1998 The Winter Album
42%
Compilation 2014 The Essential *NSYNC
38%
Compilation 2010 The Collection
19%
No matching quizzes found
Score Distribution
Percent of People with Each Score
Percentile by Number Answered
Your Score History
You have not taken this quiz